000 00292nam a2200109Ia 4500
008 190216s9999||||xx |||||||||||||| ||und||
100 _aGupta V K&Amp;Varshaneya
245 0 _aEmbryology Of Angiosperms
260 _b"Avadh Prakashan , Agra"
650 _aBooks Notable For Bindings
942 _cBK
999 _c1320
_d1320